| 000 | 00539nam a22001577a 4500 | ||
|---|---|---|---|
| 003 | 0 | ||
| 005 | 20221128093820.0 | ||
| 008 | 221128b xxu||||| |||| 00| 0 eng d | ||
| 050 |
_aT58.6 _b.F38 2020 |
||
| 245 |
_aAn implementation of a management information system for review centers _cJoni Boris S. Faustino |
||
| 260 |
_aLas Pinas City, Philippines _bSouthville International School and Colleges _cC2020 |
||
| 300 |
_avii,45pp. _c28cm. _fTheses |
||
| 500 | _aManagement information system. | ||
| 500 | _aReview centers. | ||
| 942 |
_2lcc _cTH |
||
| 999 |
_c364907 _d364907 |
||